[Event "Geza Fuster mem"]
[Site "Toronto CAN"]
[Date "2002.10.05"]
[Round "3"]
[White "Veltmann, Martin"]
[Black "Takov, Chris"]
[Result "1-0"]
[WhiteElo "2083"]
[BlackElo "1863"]
[PlyCount "97"]
[EventDate "2002.09.14"]
[EventType "tourn"]
[EventRounds "9"]
[EventCountry "CAN"]

1. c4 g6 2. Nc3 Bg7 3. d4 d6 4. e4 Nc6 5. Be3 e5 6. Nge2 f5 7. d5 Nce7 8. f3
Nf6 9. Qd2 f4 10. Bf2 g5 11. h3 h5 12. O-O-O O-O 13. Kb1 Bd7 14. Nc1 a6 15. c5
Qb8 16. g3 Ng6 17. Rg1 Bh6 18. cxd6 cxd6 19. Nd3 Kh7 20. g4 h4 21. Rc1 b5 22.
Ka1 Ne7 23. Be2 b4 24. Nb1 a5 25. Qe1 Rg8 26. Nd2 a4 27. Nc4 a3 28. b3 Nfxd5
29. exd5 Nxd5 30. Qd2 e4 31. fxe4 Bg7+ 32. e5 dxe5 33. Nc5 Bc6 34. Ne4 Nc3 35.
Nxg5+ Kg6 36. Ne6 Rd8 37. Nxd8 Qxd8 38. Qxd8 Rxd8 39. Rxc3 e4 40. Kb1 Bxc3 41.
Bxh4 e3 42. Bxd8 Be4+ 43. Kc1 f3 44. Bxf3 Bxf3 45. Nxe3 Be4 46. Nc4 Bd3 47. Rg3
Bxc4 48. bxc4 b3 49. Rxc3 1-0

[Event "Geza Fuster mem"]
[Site "Toronto CAN"]
[Date "2002.10.19"]
[Round "4"]
[White "Findlay, Ian"]
[Black "Noritsyn, Nikolay"]
[Result "1-0"]
[WhiteElo "2368"]
[BlackElo "2093"]
[PlyCount "91"]
[EventDate "2002.09.14"]
[EventType "tourn"]
[EventRounds "9"]
[EventCountry "CAN"]

1. e4 c5 2. Nf3 Nc6 3. d4 cxd4 4. Nxd4 g6 5. c4 Bg7 6. Be3 Nf6 7. Nc3 Ng4 8.
Qxg4 Nxd4 9. Qd1 e5 10. Nb5 O-O 11. Qd2 Qe7 12. f3 Nxb5 13. cxb5 d5 14. Qxd5
Be6 15. Qc5 Qf6 16. Bd3 Rfd8 17. Qc2 Rac8 18. Qe2 b6 19. O-O Qe7 20. a3 Rc7 21.
Rac1 Rdc8 22. Rxc7 Rxc7 23. Rc1 Rxc1+ 24. Bxc1 Qc7 25. Be3 Bb3 26. Qe1 Bf8 27.
Kf1 Be6 28. Ke2 Be7 29. b4 Kf8 30. Qc1 Qxc1 31. Bxc1 Ke8 32. Be3 Kd7 33. Kd2
Kd6 34. Kc3 Bd8 35. Bc4 Bxc4 36. Kxc4 h5 37. a4 Ke6 38. a5 Kd6 39. g3 Ke6 40.
f4 exf4 41. gxf4 f5 42. e5 Bc7 43. h4 Bd8 44. Bxb6 Bxb6 45. axb6 axb6 46. Kd4
1-0

[Event "Geza Fuster mem"]
[Site "Toronto CAN"]
[Date "2002.10.19"]
[Round "4"]
[White "Laughlin, Steve"]
[Black "Veltmann, Martin"]
[Result "0-1"]
[WhiteElo "2006"]
[BlackElo "2083"]
[PlyCount "90"]
[EventDate "2002.09.14"]
[EventType "tourn"]
[EventRounds "9"]
[EventCountry "CAN"]

1. e4 c5 2. c3 e6 3. d4 d5 4. e5 Nc6 5. Nf3 Qb6 6. Bd3 Bd7 7. dxc5 Bxc5 8. O-O
Qc7 9. Re1 Nge7 10. b4 Bb6 11. a4 a6 12. Na3 Ng6 13. a5 Ba7 14. Qe2 O-O 15. h4
Bb8 16. Bxg6 fxg6 17. Nc2 Ba7 18. Ncd4 Nxd4 19. cxd4 Bb5 20. Qb2 Rac8 21. Bg5
h6 22. Rac1 Bc4 23. Be3 Qe7 24. Rc3 Rxf3 25. gxf3 Qxh4 26. Kg2 Bxd4 27. Bxd4
Qxd4 28. Rc2 Qh4 29. Qc1 Rf8 30. Rh1 Qd4 31. Qe3 Qf4 32. Qxf4 Rxf4 33. Kg3 Rd4
34. Rh4 Rxh4 35. Kxh4 Kf7 36. Rc1 Ke7 37. Rg1 g5+ 38. Kh5 Be2 39. Kg4 d4 40.
Rb1 d3 41. Rb2 Kd7 42. Kg3 Kc6 43. f4 gxf4+ 44. Kxf4 Kd5 45. f3 Kd4 0-1

[Event "Geza Fuster mem"]
[Site "Toronto CAN"]
[Date "2002.10.19"]
[Round "4"]
[White "Sherman, Robert"]
[Black "Siddeley, Hugh"]
[Result "1/2-1/2"]
[WhiteElo "1922"]
[BlackElo "2027"]
[PlyCount "66"]
[EventDate "2002.09.14"]
[EventType "tourn"]
[EventRounds "9"]
[EventCountry "CAN"]

1. e4 c5 2. Nf3 Nc6 3. d4 cxd4 4. Nxd4 e5 5. Nb5 d6 6. N1c3 a6 7. Na3 b5 8. Nd5
Nce7 9. Bg5 Be6 10. Nxe7 Bxe7 11. Bxe7 Nxe7 12. c3 d5 13. Qh5 Qc7 14. Qg5 O-O
15. Bd3 dxe4 16. Bxe4 Rad8 17. O-O f5 18. Bc2 Kh8 19. Bb3 Bc8 20. Rfe1 Rf6 21.
Qe3 Ng6 22. Rad1 Rfd6 23. Qe2 Nf4 24. Qf1 Bb7 25. f3 Qc5+ 26. Kh1 Nd3 27. Re2
e4 28. fxe4 Bxe4 29. Red2 Qe5 30. Bc2 Nf4 31. Rxd6 Rxd6 32. Rxd6 Qxd6 33. Bxe4
fxe4 1/2-1/2

[Event "Geza Fuster mem"]
[Site "Toronto CAN"]
[Date "2002.10.19"]
[Round "4"]
[White "Takov, Chris"]
[Black "Sviridovitch, Alina"]
[Result "0-1"]
[WhiteElo "1863"]
[BlackElo "1840"]
[PlyCount "137"]
[EventDate "2002.09.14"]
[EventType "tourn"]
[EventRounds "9"]
[EventCountry "CAN"]

1. c4 c5 2. Nc3 Nf6 3. Nf3 b6 4. d4 cxd4 5. Nxd4 Bb7 6. Bf4 d6 7. Nf5 Qc8 8.
Qd3 g6 9. Ng3 Bg7 10. Rc1 Nbd7 11. f3 O-O 12. b3 Nc5 13. Qc2 e5 14. Bg5 Ne6 15.
Bh4 g5 16. Nf5 Qd7 17. Bf2 d5 18. cxd5 Nxd5 19. Nxd5 Bxd5 20. Rd1 Bf6 21. e4
Qc6 22. Qd2 Bxe4 23. fxe4 Qxe4+ 24. Ne3 Rfd8 25. Qc2 Qb4+ 26. Rd2 Rac8 27. Nc4
b5 28. a3 Qxd2+ 29. Qxd2 Rxd2 30. Nxd2 Rc1+ 31. Ke2 Nf4+ 32. Kf3 Rc3+ 33. Be3
Nd5 34. Bxb5 Rxe3+ 35. Kf2 Rc3 36. Bc4 Rc2 37. Ke2 Nf4+ 38. Kd1 Ra2 39. Rf1
Ra1+ 40. Kc2 Rxf1 41. Bxf1 Be7 42. b4 f5 43. Nc4 Ng6 44. Na5 Bd8 45. Nc6 Bb6
46. a4 Kf7 47. b5 Bg1 48. a5 Ke6 49. Kc3 Ne7 50. Nd8+ Kf6 51. h3 Nd5+ 52. Kb3
Ne3 53. Bc4 Nxg2 54. Nc6 Nf4 55. Nxa7 g4 56. hxg4 fxg4 57. b6 g3 58. Nc6 g2 59.
b7 Ba7 60. Nxa7 g1=Q 61. Nb5 Qb1+ 62. Ka4 Qc2+ 63. Kb4 Qd2+ 64. Kc5 Qd8 65. a6
Qb8 66. Kb6 Kg7 67. a7 Qd8+ 68. Ka6 Qf6+ 69. Ka5 0-1

[Event "Geza Fuster mem"]
[Site "Toronto CAN"]
[Date "2002.10.19"]
[Round "4"]
[White "Thavandiran, Shiyam"]
[Black "Boross Harmer, Peter"]
[Result "0-1"]
[WhiteElo "1997"]
[BlackElo "2070"]
[PlyCount "98"]
[EventDate "2002.09.14"]
[EventType "tourn"]
[EventRounds "9"]
[EventCountry "CAN"]

1. e4 c5 2. Nc3 Nc6 3. g3 g6 4. Bg2 Bg7 5. d3 d6 6. Be3 Bd7 7. Rb1 Qa5 8. Nge2
b5 9. a3 e5 10. O-O Nge7 11. Nd5 Nxd5 12. exd5 Nd4 13. Nxd4 cxd4 14. Bd2 Qc7
15. f4 Rc8 16. fxe5 Bxe5 17. Qf3 f5 18. Rbc1 O-O 19. h4 h5 20. Rfe1 Rf7 21. Bf4
Re8 22. Bxe5 dxe5 23. d6 Qxd6 24. Qd5 Qf6 25. Qc5 a6 26. Bd5 Be6 27. Bg2 f4 28.
Qxe5 Qxe5 29. Rxe5 fxg3 30. Rce1 Rfe7 31. Rxe6 Rxe6 32. Rxe6 Rxe6 33. Bd5 Kf7
34. Kg2 Kf6 35. Bxe6 Kxe6 36. Kxg3 Ke5 37. c3 a5 38. Kf3 a4 39. cxd4+ Kxd4 40.
Ke2 Ke5 41. Ke3 Kf5 42. d4 g5 43. hxg5 Kxg5 44. Ke4 h4 45. d5 Kf6 46. Kf4 h3
47. Kg3 Ke5 48. d6 Kxd6 49. Kxh3 Kd5 0-1

[Event "Geza Fuster mem"]
[Site "Toronto CAN"]
[Date "2002.11.02"]
[Round "5"]
[White "Noritsyn, Nikolay"]
[Black "Thavandiran, Shiyam"]
[Result "1-0"]
[WhiteElo "2000"]
[BlackElo "1947"]
[PlyCount "61"]
[EventDate "2002.09.14"]
[EventType "tourn"]
[EventRounds "9"]
[EventCountry "CAN"]

1. e4 e6 2. d4 d5 3. exd5 exd5 4. Nf3 Bd6 5. Bd3 Nc6 6. O-O Nge7 7. Bg5 f6 8.
Bh4 Bf5 9. Bxf5 Nxf5 10. Re1+ Nce7 11. Nbd2 Qd7 12. Bg3 O-O-O 13. Bxd6 Nxd6 14.
Nb3 b6 15. Qd3 Kb7 16. a4 a5 17. Nbd2 Ng6 18. b4 axb4 19. g3 Qf5 20. Qb3 Nc4
21. Qxb4 h5 22. a5 h4 23. Nxc4 hxg3 24. fxg3 dxc4 25. axb6 cxb6 26. Rab1 Qxf3
27. Qxb6+ Kc8 28. Qb8+ Kd7 29. Rb7+ Kc6 30. Rc7+ Kd6 31. Qb6+ 1-0

[Event "Geza Fuster mem"]
[Site "Toronto CAN"]
[Date "2002.11.02"]
[Round "5"]
[White "Sherman, Robert"]
[Black "Laughlin, Steve"]
[Result "1/2-1/2"]
[WhiteElo "1922"]
[BlackElo "2006"]
[PlyCount "61"]
[EventDate "2002.09.14"]
[EventType "tourn"]
[EventRounds "9"]
[EventCountry "CAN"]

1. e4 e5 2. Bc4 Nf6 3. d4 exd4 4. Nf3 d6 5. c3 Be7 6. cxd4 Nxe4 7. Qb3 O-O 8.
Nbd2 Nf6 9. O-O d5 10. Bd3 b6 11. Ne5 c5 12. dxc5 bxc5 13. Re1 Bd6 14. Qa4 c4
15. Bb1 Nbd7 16. Ndf3 Nxe5 17. Nxe5 Re8 18. Nf3 Rxe1+ 19. Nxe1 Bg4 20. Be3 Qe7
21. Nc2 Bc5 22. Bc1 Bd6 23. Be3 Be5 24. Bc1 Re8 25. h3 Bc7 26. Be3 Bd1 27. Qc6
Bxc2 28. Bxc2 d4 29. Bd2 Qd6 30. Qxd6 Bxd6 31. Kf1 1/2-1/2

[Event "Geza Fuster mem"]
[Site "Toronto CAN"]
[Date "2002.11.02"]
[Round "5"]
[White "Siddeley, Hugh"]
[Black "Findlay, Ian"]
[Result "0-1"]
[WhiteElo "2027"]
[BlackElo "2368"]
[PlyCount "92"]
[EventDate "2002.09.14"]
[EventType "tourn"]
[EventRounds "9"]
[EventCountry "CAN"]

1. e4 c5 2. Nf3 Nc6 3. d4 cxd4 4. Nxd4 Qc7 5. Nb5 Qb8 6. c4 Nf6 7. N5c3 e6 8.
Be3 Be7 9. Be2 b6 10. O-O Bb7 11. f4 d6 12. Bf3 Nd7 13. a3 a6 14. b4 O-O 15.
Ra2 Re8 16. Kh1 Qc7 17. Qd3 Rac8 18. Raf2 Ncb8 19. Be2 Nf6 20. Rd1 Bf8 21. Bd4
Nbd7 22. Be3 Qc6 23. Nd2 b5 24. cxb5 Qxc3 25. bxa6 Bxa6 26. Qxa6 Qxe3 27. Rf3
Qb6 28. Rb3 Ra8 29. Qd3 Rec8 30. Bf3 Ra7 31. Nc4 Qc7 32. Ne3 Nb6 33. h3 d5 34.
e5 Nfd7 35. Rd2 Qd8 36. Nc2 Qh4 37. Bg4 Rac7 38. g3 Qe7 39. Nd4 Na4 40. Ne2 g6
41. h4 Ndb6 42. h5 Qd7 43. Rb1 Nc3 44. Rb3 Ne4 45. Qxe4 dxe4 46. Rxd7 Rxd7 0-1

[Event "Geza Fuster mem"]
[Site "Toronto CAN"]
[Date "2002.11.02"]
[Round "5"]
[White "Sviridovitch, Alina"]
[Black "Veltmann, Martin"]
[Result "1/2-1/2"]
[WhiteElo "1840"]
[BlackElo "2083"]
[PlyCount "95"]
[EventDate "2002.09.14"]
[EventType "tourn"]
[EventRounds "9"]
[EventCountry "CAN"]

1. d4 Nf6 2. c4 g6 3. Nc3 Bg7 4. Nf3 d6 5. g3 O-O 6. Bg2 Nbd7 7. O-O e5 8. e4
a5 9. Re1 exd4 10. Nxd4 Nc5 11. h3 Re8 12. Kh2 c6 13. Bf4 Ne6 14. Nxe6 Bxe6 15.
Bxd6 Bxc4 16. e5 Nd7 17. f4 f6 18. Qd4 Bf7 19. exf6 Nxf6 20. Qc5 Nd7 21. Rxe8+
Qxe8 22. Qf2 a4 23. Re1 Qd8 24. Ne4 Qb6 25. Qxb6 Nxb6 26. Be5 Bxa2 27. Nc5 Nc4
28. Bxg7 Kxg7 29. Re7+ Kg8 30. Rxb7 Na5 31. Rb4 Bb3 32. Nxa4 Rd8 33. Nc5 Bc2
34. Ne4 h6 35. Rb6 Kf7 36. Ra6 Bxe4 37. Bxe4 Rd2+ 38. Kg1 Nc4 39. Rxc6 Nd6 40.
Bf3 Nf5 41. g4 Nd4 42. Bd5+ Kg7 43. Rc7+ Kf8 44. Kf1 Rxb2 45. Rc4 Ne2 46. Bf3
Ng3+ 47. Ke1 Rh2 48. Rc1 1/2-1/2

[Event "Geza Fuster mem"]
[Site "Toronto CAN"]
[Date "2002.11.16"]
[Round "6"]
[White "Findlay, Ian"]
[Black "Sherman, Robert"]
[Result "1-0"]
[WhiteElo "2368"]
[BlackElo "1922"]
[PlyCount "51"]
[EventDate "2002.09.14"]
[EventType "tourn"]
[EventRounds "9"]
[EventCountry "CAN"]

1. e4 c5 2. Nf3 d6 3. d4 cxd4 4. Nxd4 Nf6 5. Nc3 g6 6. Be3 Bg7 7. f3 O-O 8. Qd2
Nc6 9. O-O-O Bd7 10. g4 Ne5 11. h4 Rc8 12. Be2 b5 13. Kb1 Nc4 14. Bxc4 bxc4 15.
h5 Rb8 16. hxg6 fxg6 17. Qe2 Qc7 18. g5 Nh5 19. Nd5 Qb7 20. Bc1 Ng3 21. Qxc4 e6
22. Ne7+ Kf7 23. Rxh7 Rh8 24. Rxg7+ Kxg7 25. Nxe6+ Bxe6 26. Qxe6 1-0

[Event "Geza Fuster mem"]
[Site "Toronto CAN"]
[Date "2002.10.23"]
[Round "6"]
[White "Laughlin, Steve"]
[Black "Sviridovitch, Alina"]
[Result "1-0"]
[WhiteElo "2006"]
[BlackElo "1840"]
[PlyCount "85"]
[EventDate "2002.09.14"]
[EventType "tourn"]
[EventRounds "9"]
[EventCountry "CAN"]

1. e4 c5 2. Nf3 e6 3. d3 Nc6 4. g3 b6 5. Bg2 Bb7 6. O-O d6 7. Nc3 Nf6 8. h3 Be7
9. Re1 O-O 10. Ne2 Qc7 11. g4 Rad8 12. Ng3 Nd4 13. Nxd4 cxd4 14. f4 Nd7 15. Rf1
Rc8 16. Rf2 Bh4 17. Kh2 f5 18. exf5 exf5 19. g5 Rfe8 20. Bxb7 Qxb7 21. Bd2 Re6
22. c3 Nc5 23. cxd4 Nxd3 24. Qb3 Nxf2 25. Qxe6+ Kh8 26. Nxf5 Ne4 27. Rc1 Rf8
28. Be1 Bxe1 29. Rxe1 Nf2 30. Nxd6 Qc7 31. Rc1 Qb8 32. Nf7+ Rxf7 33. Rc8+ Rf8
34. Rxb8 Rxb8 35. Qe2 Nxh3 36. Kxh3 Kg8 37. f5 Kf8 38. g6 hxg6 39. fxg6 Kg8 40.
d5 Rd8 41. d6 a5 42. d7 Kf8 43. Qe6 1-0

[Event "Geza Fuster mem"]
[Site "Toronto CAN"]
[Date "2002.11.16"]
[Round "6"]
[White "Takov, Chris"]
[Black "Noritsyn, Nikolay"]
[Result "1/2-1/2"]
[WhiteElo "1863"]
[BlackElo "2093"]
[PlyCount "101"]
[EventDate "2002.09.14"]
[EventType "tourn"]
[EventRounds "9"]
[EventCountry "CAN"]

1. d4 d5 2. c4 e6 3. Nc3 c5 4. Nf3 Nc6 5. e3 Nf6 6. a3 dxc4 7. Bxc4 cxd4 8.
exd4 Be7 9. O-O O-O 10. Bg5 Nd5 11. Bxe7 Ncxe7 12. Ne4 b6 13. Re1 Bb7 14. Qd2
Nf5 15. Ba2 Nf6 16. Neg5 Bd5 17. Bxd5 Qxd5 18. Re5 Qd6 19. Rae1 Rad8 20. Ne4
Nxe4 21. R1xe4 Ne7 22. Qe3 Ng6 23. Rh5 Rfe8 24. Ng5 h6 25. Nf3 Ne7 26. g4 Nd5
27. Rxd5 Qxd5 28. Re5 Qd7 29. g5 f6 30. gxf6 gxf6 31. Rh5 Qg7+ 32. Kf1 Kh7 33.
Qe4+ Qg6 34. Qb7+ Kh8 35. Rh3 Rg8 36. Rg3 Qh7 37. Qc6 Qf5 38. Kg2 Qd5 39. Qc7
Qd7 40. Qf4 Rxg3+ 41. hxg3 Qg7 42. Qe3 Re8 43. d5 e5 44. Nh4 Qg5 45. Qe4 Kg7
46. Nf5+ Kf8 47. d6 a5 48. d7 Rd8 49. Qd3 Kg8 50. Qd5+ Kh8 51. Qe6 1/2-1/2

[Event "Geza Fuster mem"]
[Site "Toronto CAN"]
[Date "2002.12.11"]
[Round "6"]
[White "Thavandiran, Shiyam"]
[Black "Siddeley, Hugh"]
[Result "1-0"]
[WhiteElo "1966"]
[BlackElo "2027"]
[PlyCount "43"]
[EventDate "2002.09.14"]
[EventType "tourn"]
[EventRounds "9"]
[EventCountry "CAN"]

1. e4 c6 2. d4 d5 3. e5 Bf5 4. Nc3 e6 5. g4 Bg6 6. Nge2 h6 7. Nf4 Bh7 8. Bd3
Bxd3 9. Qxd3 c5 10. Nce2 Nc6 11. c3 Qb6 12. O-O cxd4 13. cxd4 O-O-O 14. Bd2 Kb8
15. Rfc1 h5 16. g5 Nge7 17. a4 a5 18. Qb5 Ka7 19. Rc5 Qxb5 20. axb5 b6 21. Rcc1
Nb8 22. Rc7+ 1-0

[Event "Geza Fuster mem"]
[Site "Toronto CAN"]
[Date "2002.11.16"]
[Round "6"]
[White "Veltmann, Martin"]
[Black "Boross Harmer, Peter"]
[Result "0-1"]
[WhiteElo "2083"]
[BlackElo "2070"]
[PlyCount "70"]
[EventDate "2002.09.14"]
[EventType "tourn"]
[EventRounds "9"]
[EventCountry "CAN"]

1. c4 c6 2. d4 d5 3. e3 Nf6 4. Nc3 g6 5. Nf3 Bg7 6. Bd3 O-O 7. O-O Be6 8. b3
Qa5 9. Bd2 dxc4 10. bxc4 Qh5 11. Be2 Qa5 12. Rb1 Qc7 13. e4 b6 14. h3 Rd8 15.
Be3 Ne8 16. Qa4 Bd7 17. Qb3 e6 18. Rfd1 Bc8 19. Rbc1 Nd7 20. Bg5 Bf6 21. Bh6
Bg7 22. Bg5 Bf6 23. Be3 Bg7 24. g3 Bb7 25. d5 Nc5 26. Bxc5 bxc5 27. dxe6 fxe6
28. Na4 Bd4 29. Nxd4 cxd4 30. c5 Bc8 31. Bg4 Rb8 32. Bxe6+ Kh8 33. Qc4 Bxe6 34.
Qxe6 Rb4 35. Rc4 Ng7 0-1

[Event "Geza Fuster mem"]
[Site "Toronto CAN"]
[Date "2002.11.30"]
[Round "7"]
[White "Boross Harmer, Peter"]
[Black "Sviridovitch, Alina"]
[Result "1/2-1/2"]
[WhiteElo "2070"]
[BlackElo "1890"]
[PlyCount "46"]
[EventDate "2002.09.14"]
[EventType "tourn"]
[EventRounds "9"]
[EventCountry "CAN"]

1. e4 c5 2. Nf3 e6 3. c3 d5 4. exd5 Qxd5 5. d4 Nc6 6. Be3 cxd4 7. Nxd4 Nxd4 8.
Qxd4 Nf6 9. Nd2 Bd7 10. Nc4 Rc8 11. Qxd5 exd5 12. Ne5 Bc5 13. Nxd7 Kxd7 14.
Bb5+ Kd8 15. Bg5 Be7 16. O-O-O Rc5 17. Ba4 h6 18. Be3 Ra5 19. Bb3 Bc5 20. Bd4
Bxd4 21. Rxd4 Kc7 22. Rhd1 Rd8 23. f3 Rc5 1/2-1/2

[Event "Geza Fuster mem"]
[Site "Toronto CAN"]
[Date "2002.12.04"]
[Round "7"]
[White "Findlay, Ian"]
[Black "Laughlin, Steve"]
[Result "1-0"]
[WhiteElo "2368"]
[BlackElo "2006"]
[PlyCount "53"]
[EventDate "2002.09.14"]
[EventType "tourn"]
[EventRounds "9"]
[EventCountry "CAN"]

1. e4 e5 2. Nf3 Nc6 3. Bb5 a6 4. Ba4 Nf6 5. O-O Be7 6. Re1 b5 7. Bb3 d6 8. c3
O-O 9. h3 Na5 10. Bc2 c5 11. d4 Qc7 12. Nbd2 Re8 13. Nf1 Bf8 14. Bg5 Qe7 15.
Ne3 Qe6 16. Nd5 Ra7 17. dxe5 dxe5 18. a4 Nxd5 19. exd5 Qb6 20. Nxe5 f6 21.
Bxh7+ Kxh7 22. Qh5+ Kg8 23. Qxe8 Bf5 24. Nc6 Nxc6 25. Qxc6 Qxc6 26. dxc6 fxg5
27. axb5 1-0

[Event "Geza Fuster mem"]
[Site "Toronto CAN"]
[Date "2002.12.04"]
[Round "7"]
[White "Noritsyn, Nikolay"]
[Black "Veltmann, Martin"]
[Result "1/2-1/2"]
[WhiteElo "2093"]
[BlackElo "2083"]
[PlyCount "58"]
[EventDate "2002.09.14"]
[EventType "tourn"]
[EventRounds "9"]
[EventCountry "CAN"]

1. e4 c5 2. Nf3 d6 3. d4 cxd4 4. Nxd4 Nf6 5. Nc3 a6 6. Bg5 e6 7. Qd2 Be7 8.
O-O-O O-O 9. Bd3 Nbd7 10. f4 Qc7 11. g4 b5 12. Nce2 Bb7 13. Ng3 Nc5 14. Bxf6
Bxf6 15. Qe3 Rac8 16. Kb1 g6 17. g5 Bg7 18. Nge2 e5 19. fxe5 Bxe5 20. h4 Rfe8
21. Rhe1 Bxd4 22. Nxd4 Bxe4 23. Bxe4 Nxe4 24. Qf4 d5 25. Qxc7 Rxc7 26. Nf3 Rce7
27. Kc1 Nf2 28. Rxe7 Rxe7 29. Rd2 Ng4 1/2-1/2

[Event "Geza Fuster mem"]
[Site "Toronto CAN"]
[Date "2002.11.30"]
[Round "7"]
[White "Sherman, Robert"]
[Black "Thavandiran, Shiyam"]
[Result "0-1"]
[WhiteElo "1922"]
[BlackElo "1942"]
[PlyCount "64"]
[EventDate "2002.09.14"]
[EventType "tourn"]
[EventRounds "9"]
[EventCountry "CAN"]

1. e4 e6 2. d4 d5 3. Nc3 Bb4 4. e5 Ne7 5. a3 Bxc3+ 6. bxc3 b6 7. Qg4 Kf8 8. Bg5
Ba6 9. Bxa6 Nxa6 10. Nh3 Qd7 11. O-O Nf5 12. Qe2 Nb8 13. g4 Ne7 14. f4 Nbc6 15.
Rf2 h5 16. f5 hxg4 17. fxe6 Qxe6 18. Nf4 Qc8 19. Raf1 Kg8 20. Rg2 g3 21. Rxg3
Nf5 22. Rg4 Ne3 23. e6 Nxf1 24. exf7+ Kxf7 25. Nxd5 Nxh2 26. Rf4+ Kg6 27. Be7
Rh5 28. Qe4+ Kh6 29. Rf6+ gxf6 30. Nxf6 Qf5 31. Qe3+ Rg5+ 32. Kxh2 Nxe7 0-1

[Event "Geza Fuster mem"]
[Site "Toronto CAN"]
[Date "2002.11.30"]
[Round "7"]
[White "Siddeley, Hugh"]
[Black "Takov, Chris"]
[Result "1-0"]
[WhiteElo "1983"]
[BlackElo "1863"]
[PlyCount "119"]
[EventDate "2002.09.14"]
[EventType "tourn"]
[EventRounds "9"]
[EventCountry "CAN"]

1. e4 d6 2. d4 g6 3. Nc3 Bg7 4. f4 e5 5. dxe5 dxe5 6. Qxd8+ Kxd8 7. Bc4 f6 8.
Be3 c6 9. a4 b6 10. Nf3 Nd7 11. O-O Kc7 12. fxe5 fxe5 13. Ng5 Bh6 14. Rf7 Bxg5
15. Bxg5 h6 16. Bh4 g5 17. Bg3 Kd8 18. Rd1 Ke8 19. Rdxd7 Bxd7 20. Bxe5 b5 21.
axb5 cxb5 22. Bd5 b4 23. Bxa8 Kxf7 24. Bxh8 bxc3 25. Bd5+ Be6 26. Bxc3 Bxd5 27.
exd5 Ne7 28. d6 Nf5 29. Bb4 Ke6 30. Kf2 g4 31. c4 h5 32. c5 h4 33. g3 hxg3+ 34.
hxg3 Nd4 35. Bc3 Nb3 36. Bb4 Nd4 37. Ba3 Nf5 38. b4 a6 39. Bb2 Kd7 40. Bc3 Kc6
41. Be1 Nd4 42. Ke3 Nc2+ 43. Ke2 Nd4+ 44. Kd3 Nf3 45. Bc3 Ng5 46. Ke3 Ne6 47.
Ke4 a5 48. Ke5 axb4 49. Bxb4 Nd8 50. Ba3 Kb5 51. Kf4 Ka4 52. Bc1 Ne6+ 53. Kxg4
Nxc5 54. Kf5 Kb5 55. Ba3 Nd7 56. Ke6 Kc6 57. g4 Nf8+ 58. Kf7 Nh7 59. Bc1 Kxd6
60. Kg7 1-0

[Event "Geza Fuster mem"]
[Site "Toronto CAN"]
[Date "2002.12.07"]
[Round "8"]
[White "Laughlin, Steve"]
[Black "Boross Harmer, Peter"]
[Result "1/2-1/2"]
[WhiteElo "2006"]
[BlackElo "2070"]
[PlyCount "113"]
[EventDate "2002.09.14"]
[EventType "tourn"]
[EventRounds "9"]
[EventCountry "CAN"]

1. e4 c5 2. c3 d5 3. exd5 Qxd5 4. d4 cxd4 5. cxd4 Nc6 6. Nf3 Bg4 7. Nc3 Bxf3 8.
gxf3 Qxd4 9. Qxd4 Nxd4 10. Nb5 Nc2+ 11. Kd1 Nxa1 12. Nc7+ Kd7 13. Nxa8 Kc8 14.
Bf4 g5 15. Bh3+ e6 16. Be5 f6 17. Bxe6+ Kd8 18. Bc7+ Ke8 19. Re1 Nh6 20. Bc4+
Be7 21. Bd6 Nf5 22. Bxe7 Nxe7 23. Nc7+ Kd7 24. Nb5 a6 25. Be6+ Kc6 26. Nc3 b5
27. Kc1 Kd6 28. Kb1 b4 29. Na4 Nc6 30. Bc4 Nd4 31. Rd1 Nac2 32. Bb3 Ke5 33.
Bxc2 Nxf3 34. h3 f5 35. Nb6 Ke6 36. Bb3+ Ke5 37. Rd5+ Kf4 38. Rd3 g4 39. Nd5+
Kg5 40. hxg4 fxg4 41. Nxb4 h5 42. Rd5+ Kf6 43. Nxa6 h4 44. Nc5 h3 45. Ne4+ Ke7
46. Ng3 h2 47. Rd1 Rf8 48. Bd5 Ng1 49. Nh1 Nh3 50. Rd2 Nf4 51. Be4 Ke6 52. f3
g3 53. Nxg3 Rg8 54. Rxh2 Rxg3 55. a4 Rg5 56. Rh4 Ke5 57. a5 1/2-1/2

[Event "Geza Fuster mem"]
[Site "Toronto CAN"]
[Date "2002.12.07"]
[Round "8"]
[White "Sviridovitch, Alina"]
[Black "Noritsyn, Nikolay"]
[Result "0-1"]
[WhiteElo "1840"]
[BlackElo "2093"]
[PlyCount "76"]
[EventDate "2002.09.14"]
[EventType "tourn"]
[EventRounds "9"]
[EventCountry "CAN"]

1. d4 d5 2. c4 e6 3. Nf3 c5 4. cxd5 exd5 5. Nc3 Nc6 6. g3 Nf6 7. Bg2 Be7 8. O-O
O-O 9. Bg5 Be6 10. Rc1 c4 11. Ne5 Rc8 12. e3 h6 13. Bxf6 Bxf6 14. f4 Ne7 15. g4
g6 16. Qf3 Bg7 17. Qg3 Kh8 18. Bh3 f5 19. Nxg6+ Nxg6 20. gxf5 Bxf5 21. Bxf5
Rxf5 22. Qxg6 Rf6 23. Qg2 Qe8 24. Rf3 Rg6 25. Rg3 Rxg3 26. Qxg3 Qe6 27. Kf2 Re8
28. Rg1 Bf6 29. Qf3 Bh4+ 30. Ke2 Qb6 31. Qh5 Qxb2+ 32. Kf3 Qf2+ 33. Kg4 Qxg1+
34. Kf5 Rf8+ 35. Ke6 Qg8+ 36. Kd6 Rf6+ 37. Kc5 Qf8+ 38. Kb5 Rb6+ 0-1

[Event "Geza Fuster mem"]
[Site "Toronto CAN"]
[Date "2002.12.04"]
[Round "8"]
[White "Takov, Chris"]
[Black "Sherman, Robert"]
[Result "1-0"]
[WhiteElo "1863"]
[BlackElo "1922"]
[PlyCount "97"]
[EventDate "2002.09.14"]
[EventType "tourn"]
[EventRounds "9"]
[EventCountry "CAN"]

1. d4 Nf6 2. c4 g6 3. Nc3 Bg7 4. e4 d6 5. f3 O-O 6. Be3 e5 7. d5 c6 8. Nge2
cxd5 9. cxd5 Nbd7 10. g4 Qa5 11. Qd2 Nc5 12. Rb1 Qc7 13. Ng3 a6 14. h4 Bd7 15.
Rc1 Qa5 16. h5 Rac8 17. Bh6 Bxh6 18. Qxh6 Na4 19. Qd2 Rc5 20. g5 Ne8 21. Bh3
Bxh3 22. Rxh3 Nc7 23. a3 Nxc3 24. b4 Nxe4 25. Nxe4 Rxc1+ 26. Qxc1 Qb6 27. Nf6+
Kg7 28. Kf1 Qb5+ 29. Kf2 Nxd5 30. hxg6 Nf4 31. Rxh7+ Kxg6 32. Qh1 Qb6+ 33. Kg3
Ne2+ 34. Kg4 Qd4+ 35. Ne4 Qg1+ 36. Qxg1 Nxg1 37. Rh6+ Kg7 38. Nxd6 b5 39. Nf5+
Kg8 40. Rxa6 Rd8 41. Ra5 Rd2 42. Nh6+ Kg7 43. Ra7 Kg6 44. Ra6+ Kg7 45. Rf6 Rd4+
46. f4 Ne2 47. Rxf7+ Kh8 48. g6 Nxf4 49. Rh7# 1-0

[Event "Geza Fuster mem"]
[Site "Toronto CAN"]
[Date "2002.12.02"]
[Round "8"]
[White "Thavandiran, Shiyam"]
[Black "Findlay, Ian"]
[Result "0-1"]
[WhiteElo "1997"]
[BlackElo "2368"]
[PlyCount "68"]
[EventDate "2002.09.14"]
[EventType "tourn"]
[EventRounds "9"]
[EventCountry "CAN"]

1. e4 c5 2. Nf3 Nc6 3. Nc3 e6 4. d4 cxd4 5. Nxd4 Qc7 6. Be3 Nf6 7. Be2 a6 8.
O-O Bb4 9. f3 O-O 10. a3 Bxc3 11. bxc3 d5 12. Bg5 Qe5 13. Bxf6 Qxf6 14. exd5
exd5 15. Rb1 Qe7 16. Rb3 Na5 17. Qc1 Nxb3 18. cxb3 Re8 19. Kh1 Bd7 20. a4 Rac8
21. Qb2 Qe3 22. c4 Be6 23. cxd5 Bxd5 24. Rd1 Qc3 25. Qb1 Bxb3 26. Qxb3 Qxb3 27.
Nxb3 Rxe2 28. Nc5 Rb2 29. h3 h6 30. Ne4 Rcc2 31. g4 Rh2+ 32. Kg1 Rbg2+ 33. Kf1
Rh1+ 34. Kxg2 Rxd1 0-1

[Event "Geza Fuster mem"]
[Site "Toronto CAN"]
[Date "2002.12.07"]
[Round "8"]
[White "Veltmann, Martin"]
[Black "Siddeley, Hugh"]
[Result "1-0"]
[WhiteElo "2083"]
[BlackElo "1983"]
[PlyCount "47"]
[EventDate "2002.09.14"]
[EventType "tourn"]
[EventRounds "9"]
[EventCountry "CAN"]

1. c4 Nf6 2. Nc3 g6 3. e4 d6 4. d4 Bg7 5. Nf3 O-O 6. Be2 e5 7. O-O Nc6 8. d5
Ne7 9. Ne1 Nd7 10. Be3 f5 11. f3 f4 12. Bf2 g5 13. Nd3 Nf6 14. c5 h5 15. cxd6
cxd6 16. Rc1 g4 17. a4 Rf7 18. Nb5 a6 19. Nc7 Rb8 20. Ba7 Bd7 21. Bxb8 Qxb8 22.
Ne6 Bxe6 23. dxe6 Rf8 24. Nb4 1-0